| 000 | 00384 a2200109 4500 | ||
|---|---|---|---|
| 001 | ART_30436 | ||
| 005 | 20260410162004.0 | ||
| 008 | 260409a | ||
| 245 | 1 | 0 | _aEficiencia-x, obra pública, fórmulas polinómicas de ajuste de precios y el factor financiero |
| 100 | 1 | _aPiffano, Horacio L. P. | |
| 773 | 0 |
_tBoletín Informativo ASAP _g- Nº 19 (jun. 1988) _wREV30391 |
|
| 999 |
_c31522 _d31522 |
||